[Event "Sparkassen-Open B"]
[Site "Heusenstamm, Martinsee"]
[Date "2019.11.21"]
[Round "1.1"]
[White "Stosberg, Marc"]
[Black "Mook, Karl-Jürgen"]
[Result "1-0"]
[WhiteElo "1798"]
[BlackElo "1513"]
[PlyCount "75"]
[EventDate "2019.??.??"]
[WhiteTeam "Sfr. Mörfelden"]
[BlackTeam "SC Sulzbach"]

1. e4 e5 2. Nf3 Nc6 3. d4 exd4 4. Nxd4 Bc5 5. Nxc6 bxc6 6. Bd3 Nf6 7. e5 Nd5 8.
Qg4 g6 9. Bg5 Be7 10. Bh6 d6 11. Qa4 Bb7 12. Be4 Qd7 13. O-O Nb6 14. Qb3 d5 15.
Bd3 Qe6 16. a4 a5 17. f4 Ba6 18. Bxa6 Bc5+ 19. Kh1 Rxa6 20. Bg7 Rg8 21. Bf6 Be7
22. Bxe7 Kxe7 23. Nd2 Raa8 24. Nf3 h6 25. Nd4 Qd7 26. e6 Qd6 27. exf7 Kxf7 28.
f5 g5 29. Rae1 Rge8 30. Ne6 Nc4 31. Qh3 Rh8 32. Qh5+ Ke7 33. Nxc7+ Ne5 34. Nxa8
Rxa8 35. f6+ Kd7 36. Qxh6 Kc8 37. Qg7 Ra7 38. Qxa7 1-0

[Event "Sparkassen-Open B"]
[Site "Heusenstamm, Martinsee"]
[Date "2019.11.21"]
[Round "1.2"]
[White "Moldenhauer, Lennart"]
[Black "Dietl, Harald"]
[Result "0-1"]
[WhiteElo "1511"]
[BlackElo "1792"]
[PlyCount "62"]
[EventDate "2019.??.??"]
[WhiteTeam "SV Oberursel"]
[BlackTeam "SK Abensberg"]

1. e4 c5 2. Nc3 Nc6 3. g3 g6 4. Bg2 Bg7 5. d3 d6 6. Be3 Nf6 7. Qd2 Ng4 8. Bf4
Rb8 9. Nge2 b5 10. h3 b4 11. Nd1 Nf6 12. Bh6 O-O 13. Bxg7 Kxg7 14. O-O e5 15.
f4 Bd7 16. Ne3 Nd4 17. c3 Nxe2+ 18. Qxe2 Nh5 19. Kh2 exf4 20. gxf4 Qh4 21. Qf2
Qd8 22. Rad1 Be6 23. c4 Qc8 24. f5 Bd7 25. Qh4 Nf6 26. Rf2 Qc7 27. Kh1 Bc6 28.
Ng4 Nxg4 29. hxg4 f6 30. Rdf1 g5 31. Bf3 gxh4 0-1

[Event "Sparkassen-Open B"]
[Site "Heusenstamm, Martinsee"]
[Date "2019.11.21"]
[Round "1.3"]
[White "Jordake, Michael"]
[Black "Hüttinger, Siegfried"]
[Result "1-0"]
[WhiteElo "1789"]
[BlackElo "1510"]
[PlyCount "71"]
[EventDate "2019.??.??"]
[WhiteTeam "SC Bergen-Enkheim"]
[BlackTeam "SC Königsspringer Alzenau"]

1. Nc3 Nc6 2. e4 e6 3. Nf3 g6 4. d4 Bg7 5. Be3 d6 6. Bb5 Bd7 7. O-O a6 8. Be2
Nge7 9. Qd2 h6 10. h3 g5 11. Nh2 Ng6 12. d5 exd5 13. exd5 Na7 14. Bh5 Be5 15.
Bxa7 Rxa7 16. Bxg6 fxg6 17. Nf3 Qf6 18. Nxe5 dxe5 19. Rfe1 O-O 20. Qe3 b6 21.
Ne4 Qf4 22. Qe2 g4 23. g3 Qf3 24. h4 Bb5 25. Qd2 c5 26. Qxh6 Be8 27. Re3 Qf5
28. Rf1 Rh7 29. Qg5 Rh5 30. Qe7 Bb5 31. Rd1 Qd7 32. Nf6+ Rxf6 33. Qxf6 Qf5 34.
Qxf5 Rxf5 35. d6 Bd7 36. Rd5 1-0

[Event "Sparkassen-Open B"]
[Site "Heusenstamm, Martinsee"]
[Date "2019.11.21"]
[Round "1.4"]
[White "Bosse, Christian"]
[Black "Lanz, Udo"]
[Result "0-1"]
[WhiteElo "1507"]
[BlackElo "1787"]
[PlyCount "80"]
[EventDate "2019.??.??"]
[WhiteTeam "SF Nordost Berlin"]
[BlackTeam "VSG Offenbach"]

1. g3 f5 2. Bg2 e5 3. c4 Nf6 4. Nc3 c6 5. d3 g6 6. Bg5 h6 7. Bxf6 Qxf6 8. e3
Bg7 9. Nge2 d6 10. f4 Na6 11. Rc1 Be6 12. O-O O-O 13. a3 Nc7 14. a4 a5 15. Qb3
Rfb8 16. Qa3 Bf8 17. Qa2 Na6 18. Qb1 Nb4 19. Na2 d5 20. b3 Bc5 21. d4 exd4 22.
Nxb4 Bxb4 23. exd4 dxc4 24. bxc4 Re8 25. Qd3 Bf7 26. Rc2 Re7 27. Bf3 Rae8 28.
Kg2 g5 29. fxg5 hxg5 30. Bg4 f4 31. Bf5 Re3 32. Bh7+ Kh8 33. Qd1 Kxh7 34. Nxf4
gxf4 35. Rxf4 Qe6 36. Rcf2 Bg6 37. d5 cxd5 38. Rh4+ Kg7 39. Qd4+ Qe5 40. Qg4
Qe4+ 0-1

[Event "Sparkassen-Open B"]
[Site "Heusenstamm, Martinsee"]
[Date "2019.11.21"]
[Round "1.5"]
[White "Plattner, Rolf"]
[Black "Schwab, Tizian"]
[Result "1-0"]
[WhiteElo "1787"]
[BlackElo "1495"]
[PlyCount "53"]
[EventDate "2019.??.??"]
[WhiteTeam "SK Langen"]
[BlackTeam "TV-Großostheim"]

1. e4 c6 2. d4 d5 3. Nc3 dxe4 4. Nxe4 Bf5 5. Ng3 Bg6 6. Nf3 Nd7 7. h4 h5 8. Bd3
Bxd3 9. Qxd3 Ngf6 10. Bd2 Qc7 11. c4 e6 12. O-O-O O-O-O 13. Kb1 Bd6 14. Ne4
Nxe4 15. Qxe4 Nf6 16. Qe2 Bf4 17. g3 Bxd2 18. Rxd2 Qa5 19. Ne5 Rhf8 20. Rhd1
Qb6 21. Rd3 Qc7 22. c5 g6 23. Nc4 Kb8 24. Rb3 Qe7 25. Qe5+ Ka8 26. Nb6+ axb6
27. Ra3# 1-0

[Event "Sparkassen-Open B"]
[Site "Heusenstamm, Martinsee"]
[Date "2019.11.21"]
[Round "1.6"]
[White "Martin, Peter"]
[Black "Reinhold, Günther"]
[Result "1-0"]
[WhiteElo "1395"]
[BlackElo "1785"]
[PlyCount "63"]
[EventDate "2019.??.??"]
[WhiteTeam "SC Wittlich"]
[BlackTeam "Frankfurter TV"]

1. e4 c5 2. Nf3 e6 3. d4 cxd4 4. Nxd4 a6 5. Nc3 Qc7 6. Bd3 Nf6 7. O-O Bc5 8.
Nf3 Nc6 9. Re1 Bd6 10. h3 h6 11. Qe2 Ne5 12. Nxe5 Bxe5 13. Bd2 O-O 14. Qe3 b6
15. f4 Bd6 16. Kh1 Bc5 17. Qg3 Bb7 18. e5 Nh7 19. f5 Kh8 20. Bf4 Rad8 21. f6
Rg8 22. Qh4 Bf8 23. fxg7+ Bxg7 24. Bxh6 Bxg2+ 25. Kh2 Bxe5+ 26. Rxe5 Qxe5+ 27.
Bf4 Qg7 28. Bxh7 Qxh7 29. Be5+ f6 30. Bxf6+ Rg7 31. Bxg7+ Kxg7 32. Qg5+ 1-0

[Event "Sparkassen-Open B"]
[Site "Heusenstamm, Martinsee"]
[Date "2019.11.21"]
[Round "1.7"]
[White "Bauer, Ottmar"]
[Black "Scheerer, Julian"]
[Result "1-0"]
[WhiteElo "1782"]
[BlackElo "1483"]
[PlyCount "35"]
[EventDate "2019.??.??"]
[WhiteTeam "TSV Rottendorf"]
[BlackTeam "SV Ffm-Griesheim"]

1. e4 e5 2. Nf3 Nc6 3. Bb5 a6 4. Ba4 Nf6 5. d4 exd4 6. O-O Be7 7. Re1 b5 8. Bb3
d6 9. c3 Bg4 10. cxd4 Bxf3 11. gxf3 Qd7 12. Nc3 h6 13. Nd5 Nh7 14. f4 O-O-O 15.
Re3 g5 16. f5 g4 17. Rc3 Nf6 18. Rxc6 1-0

[Event "Sparkassen-Open B"]
[Site "Heusenstamm, Martinsee"]
[Date "2019.11.21"]
[Round "1.8"]
[White "Welker, Alexandra"]
[Black "Goff, Simon"]
[Result "0-1"]
[WhiteElo "1441"]
[BlackElo "1780"]
[PlyCount "64"]
[EventDate "2019.??.??"]
[WhiteTeam "TuS Makkabi"]
[BlackTeam "SK Gießen"]

1. e4 g6 2. d4 Bg7 3. Nf3 d6 4. Nc3 a6 5. Be2 b5 6. a3 Nd7 7. Be3 Bb7 8. O-O c5
9. b4 cxd4 10. Bxd4 Ngf6 11. Bd3 O-O 12. Rc1 Rc8 13. Re1 e5 14. Na2 exd4 15.
Nxd4 Ne5 16. Qe2 Qb6 17. Nf3 Nfg4 18. Nxe5 Nxe5 19. c4 Bh6 20. Rc2 Qd4 21. Rc3
bxc4 22. Bc2 Qd2 23. Rh3 c3 24. Nc1 Nc4 25. Rd3 Qxe2 26. Nxe2 Bd2 27. Ra1 Bxe4
28. Rxd2 Nxd2 29. Bxe4 Nxe4 30. Rc1 c2 31. Nd4 Nd2 32. g3 Rc4 0-1

[Event "Sparkassen-Open B"]
[Site "Heusenstamm, Martinsee"]
[Date "2019.11.21"]
[Round "1.9"]
[White "Meyer, Marcel"]
[Black "Kähm, Kevin"]
[Result "0-1"]
[WhiteElo "1777"]
[BlackElo "1468"]
[PlyCount "40"]
[EventDate "2019.??.??"]
[WhiteTeam "SC Herborn"]
[BlackTeam "SK Bischofsheim"]

1. d4 Nf6 2. c4 e6 3. Nc3 Bb4 4. e3 d5 5. a3 Bxc3+ 6. bxc3 O-O 7. Nf3 b6 8. Bd3
dxc4 9. Bxc4 Bb7 10. O-O Nbd7 11. a4 c5 12. Rb1 Ne4 13. Qb3 cxd4 14. cxd4 Rc8
15. Ba3 Re8 16. Rbe1 Ng5 17. Ne5 Nxe5 18. dxe5 Nf3+ 19. Kh1 Qh4 20. h3 Nd2 0-1

[Event "Sparkassen-Open B"]
[Site "Heusenstamm, Martinsee"]
[Date "2019.11.21"]
[Round "1.10"]
[White "Meng, Yuxuan"]
[Black "Draxler, Gottfried"]
[Result "1/2-1/2"]
[WhiteElo "1378"]
[BlackElo "1762"]
[PlyCount "89"]
[EventDate "2019.??.??"]
[WhiteTeam "SV Walldorf"]
[BlackTeam "SF Neuberg"]

1. e4 c5 2. Nf3 Nc6 3. d4 cxd4 4. Nxd4 Nxd4 5. Qxd4 d6 6. Nc3 e6 7. Be3 Nf6 8.
O-O-O Bd7 9. Kb1 a6 10. Be2 Be7 11. f4 Bc6 12. Bf3 Qc7 13. Rhe1 O-O 14. e5 dxe5
15. Qxe5 Qxe5 16. fxe5 Ne8 17. Bxc6 bxc6 18. a3 f6 19. Rd7 Rf7 20. exf6 Bxf6
21. Rxf7 Kxf7 22. Ne4 Rd8 23. Nxf6 gxf6 24. Kc1 Rd5 25. Rd1 Nd6 26. Rxd5 cxd5
27. b3 e5 28. Kd2 Ke6 29. Ke2 d4 30. Bd2 Ne4 31. Kd3 Kd5 32. b4 f5 33. c4+ dxc3
34. Bxc3 Nd6 35. a4 f4 36. Bd2 h5 37. Bc3 e4+ 38. Ke2 Nc4 39. Kf2 Nb6 40. a5
Nd7 41. Ke2 Kc4 42. Bd2 e3 43. Be1 Ne5 44. g3 fxg3 45. Bxg3 1/2-1/2

[Event "Sparkassen-Open B"]
[Site "Heusenstamm, Martinsee"]
[Date "2019.11.21"]
[Round "1.11"]
[White "Lasschuit, Rene"]
[Black "Keck, Johannes"]
[Result "1-0"]
[WhiteElo "1761"]
[BlackElo "1263"]
[PlyCount "115"]
[EventDate "2019.??.??"]
[WhiteTeam "SV Berolina Mitte"]
[BlackTeam "SC Erlangen"]

1. g3 e5 2. c4 Nc6 3. Bg2 Bc5 4. Nc3 d6 5. e3 f5 6. Nge2 Nf6 7. d4 Bb6 8. O-O
O-O 9. a3 a5 10. b3 Kh8 11. Bb2 Qe7 12. Rc1 Bd7 13. Na4 Ba7 14. c5 e4 15. Nec3
d5 16. Nb5 Qd8 17. Qd2 Bb8 18. Nbc3 h6 19. Rb1 Ne7 20. h4 Nh7 21. f3 c6 22. Ne2
Bc7 23. fxe4 fxe4 24. Rxf8+ Qxf8 25. Rf1 Nf6 26. Nf4 Qd8 27. Nc3 Qc8 28. Bc1
Kg8 29. Nd1 Be8 30. Qe1 Bf7 31. Bd2 Qb8 32. Bh3 Qd8 33. Qf2 Qe8 34. Qg2 Ng6 35.
Be1 Nf8 36. g4 g5 37. Ne2 N8d7 38. Ng3 Kh7 39. Nf5 Qf8 40. Bg3 Qb8 41. Nf2 Be6
42. Bxc7 Qxc7 43. hxg5 hxg5 44. Nh1 Kg6 45. Qg3 Qxg3+ 46. Nhxg3 Rh8 47. Kg2 Rh7
48. Rb1 Rh8 49. b4 a4 50. b5 Rb8 51. Rb4 Ra8 52. Ne7+ Kf7 53. Ngf5 Bxf5 54.
Nxf5 Ke6 55. Kg3 Ng8 56. Nd6 Rf8 57. Bg2 Rb8 58. Rxa4 1-0

[Event "Sparkassen-Open B"]
[Site "Heusenstamm, Martinsee"]
[Date "2019.11.21"]
[Round "1.12"]
[White "Kuran, Rainer"]
[Black "Lorenz, Alexander"]
[Result "0-1"]
[WhiteElo "1464"]
[BlackElo "1759"]
[PlyCount "72"]
[EventDate "2019.??.??"]
[WhiteTeam "Karlsruher SF"]
[BlackTeam "SV Bergwinkel"]

1. e4 c5 2. Nf3 d6 3. d4 cxd4 4. Nxd4 Nf6 5. Nc3 g6 6. f3 Bg7 7. Be3 O-O 8. Qd2
Nc6 9. g4 Bd7 10. O-O-O Rc8 11. Kb1 Ne5 12. Rc1 Nc4 13. Bxc4 Rxc4 14. h4 h5 15.
gxh5 Nxh5 16. Nde2 Kh7 17. Bd4 Bxd4 18. Nxd4 Qb6 19. Nb3 Be6 20. Nd5 Bxd5 21.
Qxd5 Rc7 22. Qd2 f5 23. Rcg1 fxe4 24. Rxg6 Nf4 25. Rhg1 Nxg6 26. Rxg6 Kxg6 27.
Qg5+ Kf7 28. Qh5+ Ke6 29. Qg4+ Rf5 30. Qg6+ Rf6 31. Qg4+ Kf7 32. Qh5+ Kg8 33.
Qg5+ Kf8 34. h5 Qf2 35. h6 Qf1+ 36. Nc1 Rxc2 0-1

[Event "Sparkassen-Open B"]
[Site "Heusenstamm, Martinsee"]
[Date "2019.11.21"]
[Round "1.13"]
[White "Berkes, Jörg"]
[Black "Carvelli, Nicolas"]
[Result "1/2-1/2"]
[WhiteElo "1754"]
[BlackElo "1459"]
[PlyCount "64"]
[EventDate "2019.??.??"]
[WhiteTeam "SK Langen"]
[BlackTeam "SF Seligenstadt"]

1. Nf3 d5 2. g3 Nf6 3. Bg2 Bf5 4. Nh4 Bg6 5. d3 e6 6. O-O Nbd7 7. Nd2 Bc5 8. c3
O-O 9. d4 Bb6 10. Nxg6 hxg6 11. f4 c5 12. Nf3 cxd4 13. cxd4 Bc7 14. Qd3 Nb6 15.
b3 Ne4 16. Ne5 Nd6 17. g4 Nd7 18. Rf3 Nxe5 19. fxe5 Nc8 20. Rh3 Ne7 21. Bg5 f6
22. exf6 gxf6 23. Bh4 Kf7 24. Rf1 f5 25. Bg5 Rh8 26. gxf5 gxf5 27. Rff3 Qg8 28.
Rxh8 Qxh8 29. Rh3 Qg7 30. Qe3 Bb6 31. Qg3 Bxd4+ 32. e3 Bc5 1/2-1/2

[Event "Sparkassen-Open B"]
[Site "Heusenstamm, Martinsee"]
[Date "2019.11.21"]
[Round "1.14"]
[White "Grünzig, Matthias"]
[Black "Spelleken, Hans-Gerd"]
[Result "1/2-1/2"]
[WhiteElo "1457"]
[BlackElo "1753"]
[PlyCount "116"]
[EventDate "2019.??.??"]
[WhiteTeam "Berkershm"]
[BlackTeam "SC Kahl"]

1. d4 Nf6 2. c4 b6 3. Nc3 Bb7 4. Nf3 e6 5. Bg5 Be7 6. e3 h6 7. Bh4 g5 8. Bg3
Nh5 9. Ne2 Nxg3 10. Nxg3 h5 11. a3 g4 12. Ne5 d6 13. Qa4+ Kf8 14. Nd3 Nd7 15.
Nf4 h4 16. Nge2 Nf6 17. Nc3 e5 18. dxe5 dxe5 19. Rd1 Bd6 20. Nfd5 Nd7 21. Ne4
f5 22. Nxd6 cxd6 23. Qc2 Rh5 24. Bd3 Bxd5 25. cxd5 Rc8 26. Qb1 Qg5 27. Rc1 Nc5
28. Be2 Qd8 29. O-O Rb8 30. b4 Ne4 31. Qc2 Rg5 32. f3 Nf6 33. fxg4 Nxd5 34.
Rxf5+ Kg7 35. Rcf1 Rxf5 36. Qxf5 Qe7 37. Qf3 e4 38. Qf2 Rc8 39. g5 Qxg5 40.
Qf7+ Kh8 41. Qh5+ Qxh5 42. Bxh5 Nxe3 43. Re1 Rc3 44. Kf2 Nc4 45. Rxe4 Ne5 46.
Rxh4 Rxa3 47. Bf3+ Kg7 48. Rd4 Nf7 49. Bh5 Ra2+ 50. Ke3 Ne5 51. Ke4 Rxg2 52.
Rxd6 Rxh2 53. Kxe5 Rxh5+ 54. Kd4 Rb5 55. Kc4 a6 56. Rd7+ Kf8 57. Ra7 Rf5 58.
Rxa6 b5+ 1/2-1/2

[Event "Sparkassen-Open B"]
[Site "Heusenstamm, Martinsee"]
[Date "2019.11.21"]
[Round "1.15"]
[White "Bengsch, Norbert"]
[Black "Jelinek, Stefan"]
[Result "1-0"]
[WhiteElo "1742"]
[BlackElo "1457"]
[PlyCount "75"]
[EventDate "2019.??.??"]
[WhiteTeam "SG Donautal Tuttlingen"]
[BlackTeam "SC Kahl"]

1. d4 d5 2. Bf4 e6 3. e3 Nf6 4. Nf3 Nc6 5. c3 Bd6 6. Bg3 Qe7 7. Ne5 a6 8. Nd2
Nd7 9. f4 O-O 10. Bd3 f6 11. Bxh7+ Kh8 12. Ng6+ Kxh7 13. Nxe7 Nxe7 14. e4 e5
15. fxe5 fxe5 16. dxe5 Nxe5 17. Bxe5 Bxe5 18. Qh5+ Kg8 19. Qxe5 Re8 20. O-O-O
Bg4 21. Rde1 dxe4 22. Qxe4 Bf5 23. Qc4+ Kh8 24. Qh4+ Kg8 25. Rxe7 Bg6 26. Rxe8+
Rxe8 27. Re1 Rxe1+ 28. Qxe1 Bf7 29. Qe7 c6 30. Qxb7 Bd5 31. g3 Kh7 32. Qxa6 Kh6
33. Qd3 Bxa2 34. b3 Kh5 35. Kb2 Bxb3 36. Kxb3 g5 37. h3 c5 38. Qh7# 1-0

[Event "Sparkassen-Open B"]
[Site "Heusenstamm, Martinsee"]
[Date "2019.11.21"]
[Round "1.16"]
[White "Köpke, Carolina"]
[Black "Taskor, Erkan"]
[Result "0-1"]
[WhiteElo "1453"]
[BlackElo "1730"]
[PlyCount "100"]
[EventDate "2019.??.??"]
[WhiteTeam "SV Oberursel"]
[BlackTeam "Niederräder TG"]

1. d4 d5 2. Bf4 c5 3. e3 Nf6 4. Nd2 e6 5. c3 Nc6 6. Bd3 Bd6 7. Bg3 Qc7 8. Ngf3
O-O 9. Bb1 b6 10. Qc2 g6 11. Bh4 Nh5 12. g4 Ng7 13. Bg3 e5 14. dxe5 Nxe5 15.
Nxe5 Bxe5 16. Nf3 Bd6 17. Bxd6 Qxd6 18. h3 Bb7 19. Qe2 d4 20. cxd4 cxd4 21. O-O
dxe3 22. fxe3 Rfe8 23. Bc2 Qg3+ 24. Qg2 Qxg2+ 25. Kxg2 Rxe3 26. Bd1 Rd8 27. Rc1
Ne6 28. Kf2 Re4 29. Rc3 Rf4 30. Kg3 Bxf3 31. Bxf3 g5 32. Bg2 Rd2 33. Ra3 a5 34.
Rb3 Rb4 35. Rxb4 axb4 36. Rb1 Nf4 37. Be4 Kg7 38. a3 h6 39. axb4 Rd4 40. Bf5
Rxb4 41. b3 Ne2+ 42. Kf2 Nd4 43. Bd3 Rxb3 44. Rxb3 Nxb3 45. Ke3 Kf6 46. Bc4 Nc5
47. Kd4 Ne6+ 48. Ke4 Nc7 49. Kd4 b5 50. Bb3 Ne6+ 0-1

[Event "Sparkassen-Open B"]
[Site "Heusenstamm, Martinsee"]
[Date "2019.11.21"]
[Round "1.17"]
[White "Schwenk, Stefan"]
[Black "Moldenhauer, Nils"]
[Result "1-0"]
[WhiteElo "1723"]
[BlackElo "1453"]
[PlyCount "63"]
[EventDate "2019.??.??"]
[WhiteTeam "SK Geisenheim"]
[BlackTeam "SV Oberursel"]

1. c4 e5 2. g3 Nf6 3. Bg2 Bc5 4. Nc3 Nc6 5. a3 a6 6. e3 d6 7. Nge2 Bg4 8. O-O
O-O 9. b4 Bb6 10. d3 Rb8 11. Qc2 Ne7 12. e4 h6 13. h3 Bh5 14. Be3 c6 15. c5
dxc5 16. bxc5 Ba5 17. f4 exf4 18. Nxf4 Bg6 19. Nxg6 Nxg6 20. Rad1 Ne5 21. Ne2
Bc7 22. d4 Ng6 23. Nf4 Nxf4 24. gxf4 Re8 25. Bc1 Re7 26. e5 Nd5 27. f5 Qd7 28.
Qf2 Rbe8 29. Bxd5 Qxd5 30. f6 g6 31. Bxh6 Qb3 32. Qh4 1-0

[Event "Sparkassen-Open B"]
[Site "Heusenstamm, Martinsee"]
[Date "2019.11.21"]
[Round "1.18"]
[White "Gnandt, Michael"]
[Black "Heller, Holger"]
[Result "1-0"]
[WhiteElo "1434"]
[BlackElo "1722"]
[PlyCount "115"]
[EventDate "2019.??.??"]
[WhiteTeam "SV Steinhausen"]
[BlackTeam "TuS Dotzheim"]

1. e4 e5 2. Nf3 d6 3. Bc4 Be7 4. c3 Nf6 5. d3 Bg4 6. h3 Bh5 7. Be3 Nbd7 8. Nbd2
O-O 9. d4 c6 10. Be2 Bg6 11. Bd3 exd4 12. cxd4 d5 13. Qc2 dxe4 14. Nxe4 Nxe4
15. Bxe4 Bb4+ 16. Nd2 Bxe4 17. Qxe4 Re8 18. Qd3 Nf6 19. O-O Nd5 20. Nb3 Nxe3
21. fxe3 Qc7 22. Rf3 Re7 23. Raf1 Rae8 24. Qc4 a5 25. Qd3 f6 26. Rc1 Kf8 27. d5
Qd6 28. a3 a4 29. axb4 axb3 30. Rc5 g6 31. Qxb3 cxd5 32. Rxd5 Qc6 33. Rc5 Qd6
34. Qc3 Rf7 35. Rc8 Rxc8 36. Qxc8+ Kg7 37. Qc3 Qe5 38. Rf2 Rd7 39. Qxe5 fxe5
40. Rc2 b6 41. Kf2 Kf7 42. Kf3 Ke6 43. Rc6+ Rd6 44. b5 Kd5 45. e4+ Ke6 46. Kg4
h6 47. h4 Ke7 48. h5 Rd2 49. Rxg6 Rxg2+ 50. Kf5 Rxb2 51. Rxb6 Kf7 52. Kxe5 Kg7
53. Rb7+ Kg8 54. Kf6 Rg2 55. b6 Rg5 56. Rb8+ Kh7 57. b7 Rb5 58. e5 1-0

[Event "Sparkassen-Open B"]
[Site "Heusenstamm, Martinsee"]
[Date "2019.11.21"]
[Round "1.19"]
[White "Hegel, Jonas"]
[Black "Brunner, Andreas"]
[Result "1-0"]
[WhiteElo "1616"]
[BlackElo "1449"]
[PlyCount "84"]
[EventDate "2019.??.??"]
[WhiteTeam "SC Peiting"]
[BlackTeam "Berkershm"]

1. e4 e6 2. d4 d5 3. exd5 exd5 4. Nf3 Bf5 5. Bd3 Bxd3 6. Qxd3 Nc6 7. O-O Bd6 8.
Bg5 Nge7 9. Nc3 f6 10. Bh4 O-O 11. Nb5 Ng6 12. Nxd6 Qxd6 13. Bg3 Qd8 14. Rfe1
f5 15. h3 f4 16. Bh2 Nh4 17. c3 a6 18. Re2 Qf6 19. Rae1 h6 20. Kh1 Qg6 21. Qxg6
Nxg6 22. Nd2 Kf7 23. g3 Rae8 24. gxf4 Rxe2 25. Rxe2 Re8 26. Rxe8 Kxe8 27. f5
Nge7 28. f6 gxf6 29. Bxc7 Kf7 30. Nb3 b5 31. Nc5 b4 32. Nxa6 bxc3 33. bxc3 Kg6
34. a4 Kf5 35. Nc5 Nc8 36. a5 N8a7 37. Bb6 Kf4 38. Kg2 h5 39. Bxa7 Nxa7 40. a6
f5 41. Ne6+ Ke4 42. Kg3 Nb5 1-0

[Event "Sparkassen-Open B"]
[Site "Heusenstamm, Martinsee"]
[Date "2019.11.21"]
[Round "1.20"]
[White "Hahnenstein, Leon"]
[Black "Haftmann, Rainer"]
[Result "0-1"]
[WhiteElo "1449"]
[BlackElo "1712"]
[PlyCount "48"]
[EventDate "2019.??.??"]
[WhiteTeam "SC Herborn"]
[BlackTeam "SG Dietzenbach"]

1. e4 e5 2. Nf3 Nc6 3. Bc4 Be7 4. d3 Nf6 5. c3 O-O 6. Be3 d6 7. O-O a6 8. Nbd2
Na5 9. Bb3 c5 10. c4 Bd7 11. h3 Qc7 12. Nh4 Nxe4 13. Nxe4 Bxh4 14. f4 f5 15.
Nc3 Nxb3 16. Qxb3 Bc6 17. a3 Bf6 18. Rab1 Rae8 19. Qc2 Qe7 20. Rf2 exf4 21.
Bxf4 Bd4 22. Nd5 Bxd5 23. cxd5 g5 24. Bh2 Qe1+ 0-1

[Event "Sparkassen-Open B"]
[Site "Heusenstamm, Martinsee"]
[Date "2019.11.21"]
[Round "1.21"]
[White "Dinse, Michael"]
[Black "Richter, Tim"]
[Result "1-0"]
[WhiteElo "1709"]
[BlackElo "1446"]
[PlyCount "93"]
[EventDate "2019.??.??"]
[WhiteTeam "SC Turm Reinfeld"]
[BlackTeam "SF Heidesheim"]

1. d4 Nf6 2. Nf3 d5 3. c4 dxc4 4. Nc3 Nc6 5. e3 Bf5 6. Bxc4 h6 7. d5 Na5 8.
Bb5+ c6 9. Ba4 b5 10. Nd4 bxa4 11. Nxf5 Nxd5 12. Qxa4 Nxc3 13. bxc3 Qd5 14. e4
Qb5 15. Qxb5 cxb5 16. Nd4 a6 17. a4 e5 18. axb5 exd4 19. Rxa5 dxc3 20. bxa6 Bb4
21. Ra4 Bd6 22. O-O O-O 23. Rd1 Rfd8 24. Kf1 Bc5 25. Rxd8+ Rxd8 26. Ke2 Rd7 27.
Ra5 Ba7 28. f3 f6 29. Rd5 Rc7 30. Kd3 Kf7 31. Rb5 g5 32. Rb7 Rxb7 33. axb7 Ke6
34. Kxc3 Kd6 35. f4 Kc6 36. fxg5 hxg5 37. Kc4 Bb8 38. Bb2 Kxb7 39. Bxf6 g4 40.
h3 gxh3 41. gxh3 Kc6 42. e5 Kd7 43. Kd5 Bxe5 44. Kxe5 Ke8 45. Kf5 Kf7 46. h4
Kg8 47. Kg6 1-0

[Event "Sparkassen-Open B"]
[Site "Heusenstamm, Martinsee"]
[Date "2019.11.21"]
[Round "1.22"]
[White "Gräf, Kilian Gabriel"]
[Black "Becker, Ralph"]
[Result "1/2-1/2"]
[WhiteElo "1439"]
[BlackElo "1706"]
[PlyCount "37"]
[EventDate "2019.??.??"]
[WhiteTeam "SV Frankfurt Nord"]
[BlackTeam "SC Paimar"]

1. d4 g6 2. c4 Bg7 3. Nc3 d6 4. Bg5 Nd7 5. Qd2 c5 6. d5 a6 7. a4 Qa5 8. Ra3 h6
9. Bf4 Ngf6 10. Nf3 Ng4 11. h3 Nge5 12. Nxe5 Nxe5 13. e4 Qb4 14. Bxe5 Bxe5 15.
Bd3 Bg7 16. O-O O-O 17. Qc2 Qa5 18. Kh1 e5 19. Na2 1/2-1/2

[Event "Sparkassen-Open B"]
[Site "Heusenstamm, Martinsee"]
[Date "2019.11.21"]
[Round "1.23"]
[White "Haas, Vanessa"]
[Black "Winter, Thomas"]
[Result "1-0"]
[WhiteElo "1706"]
[BlackElo "1434"]
[PlyCount "63"]
[EventDate "2019.??.??"]
[WhiteTeam "SC FK Babenhausen"]
[BlackTeam "SV Oberursel"]

1. e4 e5 2. Nf3 Nf6 3. d3 Nc6 4. c3 d5 5. exd5 Qxd5 6. Be2 Be7 7. O-O Bf5 8.
Nh4 g6 9. Nxf5 gxf5 10. Qb3 O-O-O 11. Qxd5 Nxd5 12. Bh5 Rdf8 13. Bh6 Rd8 14.
Bxf7 Nf6 15. Be6+ Kb8 16. Bxf5 Rhg8 17. Re1 Rd6 18. Be3 h5 19. Bc5 Rdd8 20.
Bxe7 Nxe7 21. Rxe5 Nxf5 22. Rxf5 Rxd3 23. Na3 Rgd8 24. g3 Ne4 25. Re1 Nd2 26.
Kg2 h4 27. Rf7 a6 28. Ree7 h3+ 29. Kxh3 Nf3 30. Kg2 Ng5 31. Rg7 R3d5 32. Rxc7
1-0

[Event "Sparkassen-Open B"]
[Site "Heusenstamm, Martinsee"]
[Date "2019.11.21"]
[Round "1.25"]
[White "Bursch, Alexander"]
[Black "Merz, Julian"]
[Result "1-0"]
[WhiteElo "1699"]
[BlackElo "1422"]
[PlyCount "85"]
[EventDate "2019.??.??"]
[WhiteTeam "SV Hennef"]
[BlackTeam "Schachforum Darmstadt"]

1. d4 d5 2. Bf4 Bf5 3. e3 Nf6 4. Nf3 e6 5. c3 Be7 6. Bd3 Bg6 7. Ne5 Nbd7 8.
Nxg6 hxg6 9. h3 Bd6 10. Bxd6 cxd6 11. Nd2 Qb6 12. Rb1 O-O-O 13. Qc2 Kb8 14. a4
Rc8 15. O-O e5 16. Nb3 Rh6 17. Be2 Rch8 18. f4 Ne4 19. fxe5 dxe5 20. Rxf7 R6h7
21. Rxd7 Qf6 22. Bg4 Qg5 23. Qe2 Nf6 24. Qb5 Nxd7 25. Qxd7 Qxe3+ 26. Kh1 Qe4
27. Rc1 Qf4 28. Rd1 e4 29. Nc5 Qc7 30. Qxd5 e3 31. Qe5 Qxe5 32. dxe5 Re8 33. e6
Rc8 34. Nd7+ Ka8 35. Re1 Rhh8 36. Rxe3 Rc4 37. e7 Re8 38. b3 Rf4 39. Nf8 Rfxf8
40. exf8=Q Rxf8 41. Bd7 Rf1+ 42. Kh2 a6 43. Kg3 1-0

[Event "Sparkassen-Open B"]
[Site "Heusenstamm, Martinsee"]
[Date "2019.11.21"]
[Round "1.26"]
[White "Sarbu, Marc Constantin"]
[Black "Treiber, Volker"]
[Result "0-1"]
[WhiteElo "1421"]
[BlackElo "1692"]
[PlyCount "66"]
[EventDate "2019.??.??"]
[WhiteTeam "SC Saarlouis"]
[BlackTeam "SK Lohr"]

1. e4 d6 2. d4 Nf6 3. Nc3 g6 4. Nf3 Bg7 5. Bc4 Bg4 6. h3 Bxf3 7. Qxf3 O-O 8.
Bg5 c6 9. O-O Nbd7 10. Rad1 Qc7 11. Bb3 a6 12. Rd2 b5 13. d5 c5 14. a4 b4 15.
Ne2 Nb6 16. a5 Nbd7 17. Ra1 c4 18. Ba4 Nc5 19. Bc6 Nfxe4 20. Bxa8 Nxg5 21. Qg4
Nge4 22. Rdd1 Rxa8 23. Nd4 Nf6 24. Qe2 Nb7 25. Nc6 Nxd5 26. Qxc4 e6 27. Rdb1
Nd8 28. Ne7+ Qxe7 29. Ra2 Qc7 30. Qe4 Rc8 31. Rc1 b3 32. Ra4 Bxb2 33. Re1 bxc2
0-1

[Event "Sparkassen-Open B"]
[Site "Heusenstamm, Martinsee"]
[Date "2019.11.21"]
[Round "1.27"]
[White "Plaumann, Arvin"]
[Black "Benz, Jürgen"]
[Result "1-0"]
[WhiteElo "1691"]
[BlackElo "1402"]
[PlyCount "117"]
[EventDate "2019.??.??"]
[WhiteTeam "SF Heidesheim"]
[BlackTeam "SK Bad Homburg"]

1. e4 c5 2. Nc3 Nc6 3. Nf3 d6 4. d4 cxd4 5. Nxd4 Nf6 6. Bc4 e5 7. Nf3 a6 8. Bg5
Be7 9. O-O O-O 10. Qd2 Bg4 11. Rad1 Bxf3 12. gxf3 Nd4 13. Qd3 Nh5 14. Bxe7 Qxe7
15. Nd5 Qg5+ 16. Kh1 Nf4 17. Nxf4 Qxf4 18. Rg1 Nxf3 19. Rg3 Nd4 20. c3 Nc6 21.
Rdg1 g6 22. Rf3 Qh4 23. Qxd6 Rad8 24. Qf6 Qxf6 25. Rxf6 Rd2 26. b4 Kg7 27. Rf3
Ne7 28. Bb3 f5 29. exf5 Nxf5 30. Rg4 Kf6 31. Rc4 Rfd8 32. Rc7 R8d7 33. Rc8 Kg5
34. Be6 Rd1+ 35. Kg2 Nh4+ 36. Kg3 Nxf3 37. Bxd7 Rxd7 38. Kxf3 Rd2 39. a4 Rd7
40. b5 axb5 41. axb5 h5 42. c4 Kh4 43. c5 Kh3 44. c6 bxc6 45. Rxc6 g5 46. Re6
Rd5 47. b6 Rb5 48. Rh6 h4 49. Rg6 Kxh2 50. Rxg5 Rxb6 51. Rxe5 Rf6+ 52. Ke2 Rg6
53. f4 Kg2 54. Rg5+ Rxg5 55. fxg5 h3 56. g6 h2 57. g7 h1=Q 58. g8=Q+ Kh2 59.
Kf2 1-0